| 000 | 00358nam a2200157Ia 4500 | ||
|---|---|---|---|
| 008 | 230312s9999||||xx |||||||||||||| ||und|| | ||
| 020 | _a0-07365601-1 | ||
| 082 |
_a540 _bCHA-C |
||
| 100 | _aChang Raymond | ||
| 245 | 0 | _aChemistry | |
| 260 |
_bMcGraw Hill _aNew York _c2002 |
||
| 300 | _a1001 | ||
| 546 | _aEng. | ||
| 650 |
_aMedical _vChemistry |
||
| 942 | _cBK | ||
| 999 |
_c1807 _d1807 |
||